LEADER 01024nam0-22003371i-450- 001 990003416400403321 005 20071108123143.0 010 $a0-89871-399-4 035 $a000341640 035 $aFED01000341640 035 $a(Aleph)000341640FED01 035 $a000341640 100 $a20030910d19971997km-y0itay50--03--ba 101 0 $aeng 200 1 $aIntroduction to matrix analysis$fRichard Bellman 205 $a2nd ed 210 $aPhiladelphia$cSociety for Industrial and Applied Mathematics$dc1997 215 $axxviii, 403 p.$d23 cm 225 1 $aClassics in applied mathematics$v19 610 0 $aAlgebra lineare e multilineare$aTeoria delle matrici 676 $a512.9 700 1$aBellman,$bRichard Ernest$f<1920-1984>$0121312 801 0$aIT$bUNINA$gRICA$2UNIMARC 901 $aBK 912 $a990003416400403321 952 $aMXVII-B-60$b7877$fMAS 952 $a10 B II 664$bDIET 1782$fDINEL 959 $aMAS 959 $aDINEL 996 $aIntroduction to matrix analysis$9358317 997 $aUNINA LEADER 01099nam--2200361---450- 001 990002240890203316 005 20091215113032.0 010 $a88-14-04282-9 035 $a000224089 035 $aUSA01000224089 035 $a(ALEPH)000224089USA01 035 $a000224089 100 $a20041206d1993----km-y0itay0103----ba 101 0 $aita 102 $aIT 105 $a||||||||001yy 200 1 $a<> abuso del diritto$fGiulio Levi 210 $aMilano$cGiuffre$d1993 215 $aXI, 120 p.$d24 cm 225 2 $aStudi di diritto privato italiano e straniero$hN.S.$v31 410 0$12001$aStudi di diritto privato italiano e straniero$hN.S.$v31 606 0 $aAbuso del diritto 676 $a323.49 700 1$aLEVI,$bGiulio$0112133 801 0$aIT$bsalbc$gISBD 912 $a990002240890203316 951 $aXXV.1. Coll. 13/ 7 (Coll HLZ 31)$b2074 G.$cXXV.1. Coll. 13/ 7 (Coll HLZ)$d00262242 959 $aBK 969 $aGIU 979 $aSIAVER$b90$c20041206$lUSA01$h1139 979 $aRSIAV2$b90$c20091215$lUSA01$h1130 996 $aAbuso del diritto$9643567 997 $aUNISA